000 00379nam a2200145 4500
005 20260221101627.0
008 260221b |||||||| |||| 00| 0 eng d
020 _a0-415-23024-1
_qhbk
082 _a306
_bHIG
100 _aHighmore, Ben
245 _aThe Everyday Life Reader
_cBen Highmore
260 _aUSA & Canada
_bRoutledge
_c2002
300 _axvi, 373
942 _cENGLISH
999 _c614820
_d614820